000 00337nam a22001457a 4500
008 210531b ||||| |||| 00| 0 eng d
020 _a9781558706514
041 _aeng
080 _22nd
_a32
082 _a32
100 _a19
101 _aSHP
245 _aThe Genealogist's Campion and Sourcebook
_cEmily A. Croom
942 _2udc
_cBK
999 _c57867
_d57867